Zväzková (iónová a elektrónová) technológia vyroby mikroelektrických obvodov : Etapová správa za rok 1970 k štátnej výskumnej úlohe č. VI-2-3/15B

Salvato in:
Dettagli Bibliografici
Autori principali: Dúbravcová, Viera (Autore), Ivanič, Š. (Autore), Minársky, Eduard (Autore), Slivka, V. (Autore), Tomandl, J. (Autore)
Altri autori: Bláha, Aleš (Capo team ricerca)
Natura: Libro
Pubblicazione: Bratislava : SVŠT v Bratislave EF, 1970
Tags: Aggiungi Tag
Nessun Tag, puoi essere il primo ad aggiungerne!!

MARC

LEADER 00000nam a22000003a 4500
001 stu235393
005 20150617230145.7
008 111004s1970----------------------------d
040 |a STU  |b slo 
041 0
100 1 |a Bláha, Aleš  |4 rth 
245 1 |a Zväzková (iónová a elektrónová) technológia vyroby mikroelektrických obvodov :  |b Etapová správa za rok 1970 k štátnej výskumnej úlohe č. VI-2-3/15B 
260 |a Bratislava :  |b SVŠT v Bratislave EF,  |c 1970 
300 |a 60 s 
700 1 |a Dúbravcová, Viera  |4 aut 
700 1 |a Ivanič, Š.  |4 aut 
700 1 |a Minársky, Eduard  |4 aut 
700 1 |a Slivka, V.  |4 aut 
700 1 |a Tomandl, J.  |4 aut 
996 |b EVYSK-S-53  |c E*VYSK-S-53  |l E  |s P  |a 0  |w stu235393_0001